| 000 | 01029nam a2200277 c 4500 | ||
|---|---|---|---|
| 003 | BLK | ||
| 005 | 20180420225219.0 | ||
| 008 | 180408b bul|||||r ||||||| ||bul|| | ||
| 010 | _aKNG00094580000 | ||
| 040 | _aBLK | ||
| 041 |
_aBUL _cBUL |
||
| 080 |
_aБългарска литература _b821.163.2 _x-31 _z821.163.2-31 |
||
| 100 | 1 |
_aВълев, Димитър Йорданов _eпърви автор _9242490 |
|
| 139 |
_aВълев, Димитър Йорданов _bВ 92 |
||
| 245 | 1 | 0 |
_aТрите смъртни гряха _bРоман _cДимитър Йорданов Вълев. |
| 257 | _aBGR | ||
| 260 |
_аСофия _bБълг. писател _c1978 _fВ. Търново : Д. Найденов |
||
| 300 |
_a240 с. _c21 см |
||
| 380 | _aX | ||
| 500 | _a20 113 тир. - 2 113 екз. от тир. подв. с цена 1,22 лв. | ||
| 852 | _aЦб 93608 | ||
| 856 | 4 |
_qpdf _u |
|
| 856 | 4 |
_qpdf _u |
|
| 942 |
_cKNG _n0 |
||
| 944 |
_aCR _c15.09.2016 _kГрета_Цуфелде |
||
| 944 |
_aED _c15.09.2016 _kГрета_Цуфелде |
||
| 999 |
_c89865 _d89865 |
||